|
|
|
|
| LEADER |
00000nam0a2200000 4500 |
| 001 |
262331 |
| 005 |
20240119145442.0 |
| 035 |
|
|
|a (RuTPU)RU\TPU\book\285314
|
| 090 |
|
|
|a 262331
|
| 100 |
|
|
|a 20140530d1987 k y0rusy50 ca
|
| 101 |
0 |
|
|a rus
|
| 102 |
|
|
|a RU
|
| 105 |
|
|
|a a z 001zy
|
| 200 |
1 |
|
|a Научно-технический прогресс при строительстве скважин
|e сборник научных трудов
|f Башкирский научно-исследовательский и проектный институт нефтяной промышленности
|
| 210 |
|
|
|a Уфа
|c Изд-во Башнипинефти
|d 1987
|
| 215 |
|
|
|a 210 с.
|c ил.
|
| 225 |
1 |
|
|a Сборник научных трудов
|v Вып. 76
|
| 320 |
|
|
|a Библиография в конце статей
|
| 606 |
1 |
|
|a Нефтегазопромысловые сооружения
|x Постройка
|x Индустриализация
|2 stltpush
|3 (RuTPU)RU\TPU\subj\45640
|9 64833
|
| 610 |
1 |
|
|a скважины
|
| 610 |
1 |
|
|a строительство
|
| 610 |
1 |
|
|a научно-технический прогресс
|
| 610 |
1 |
|
|a нефтяные скопления
|
| 610 |
1 |
|
|a газовые скопления
|
| 610 |
1 |
|
|a поиск
|
| 610 |
1 |
|
|a электробурение
|
| 610 |
1 |
|
|a долото
|
| 610 |
1 |
|
|a частота вращения
|
| 610 |
1 |
|
|a оптимизация
|
| 610 |
1 |
|
|a наклонно направленные скважины
|
| 610 |
1 |
|
|a горизонтальные скважины
|
| 610 |
1 |
|
|a искривления
|
| 610 |
1 |
|
|a осевые нагрузки
|
| 610 |
1 |
|
|a безглинистые полимерные растворы
|
| 610 |
1 |
|
|a бентониты
|
| 610 |
1 |
|
|a смачиваемость
|
| 610 |
1 |
|
|a смазочные добавки
|
| 610 |
1 |
|
|a синтетические жирные кислоты
|
| 610 |
1 |
|
|a полимерглинистые растворы
|
| 610 |
1 |
|
|a буровые растворы
|
| 675 |
|
|
|a 622.323.012:69
|v 3
|
| 712 |
0 |
2 |
|a Башкирский научно-исследовательский и проектный институт нефтяной промышленности "БашНИПИнефть"
|7 ca
|8 rus
|c (1970-2002)
|2 stltpush
|3 (RuTPU)RU\TPU\col\18296
|9 26971
|
| 801 |
|
1 |
|a RU
|b 63413507
|c 20140530
|
| 801 |
|
2 |
|a RU
|b 63413507
|c 20150302
|g RCR
|
| 942 |
|
|
|c BK
|